| 000 | 02127nam a2200265 a 4500 | ||
|---|---|---|---|
| 001 | 000003113 | ||
| 005 | 20200929150331.0 | ||
| 008 | 710329s1971 ag 001 0 spa | ||
| 040 |
_aDO-SdBNP _bspa _cBNPHU |
||
| 041 | 1 | 7 |
_aspa _heng _2Código de idiomas MARC |
| 082 |
_a810.54 _aL438c |
||
| 240 | 0 | 0 |
_aCriticism some major American writers. _lEspañol |
| 245 | 0 | 0 |
_aCrítica sobre los mejores escritores Norteamericanos / _cselección de Lewis Leary; traducción de Floreal Mazía. |
| 260 |
_aBuenos Aires : _bAsociados, _c1971. |
||
| 300 |
_a436 p. ; _c20 cm. |
||
| 490 | 1 |
_aDorada D _vno. 1200 |
|
| 504 | _aIncluye notas al pie de las páginas | ||
| 505 | 0 | _aAn introduction: somewhat personal, by L. Leary.--Introduction to Poe, by R. Wilbur.--The unconquered eye and the enchanted circle, by T. Tanner.--Thoreau, by F. O. Matthiessen.--Hawthorne's fiction: the light and the dark, by R. H. Fogle.--Moby-Dick: work of art, by W. E. Bezanson.--Walt Whitman: he had his nerve, by R. Jarrell.--Seeing New Englandly: from Edwards to Emerson to Dickinson, by A. J. Gelpi.--Henry James and the morality of fiction, by R. J. Reilly.--Southwestern vernacular, by J. M. Cox.--William Dean Howells and the roots of modern taste, by L. Trilling.--Outstripping the event, by L. Ziff.--Theodore Dreiser: his education and ours, by A. Kazin.--T. S. Eliot's magic, lantern, by L. Unger.--Robert Frost's theory of poetry, by L. Thompson.--The function of nostalgia, by W. Morris.--The hero and the code, by P. Young.--Introduction to ... Faulkner, by M. Cowley.--The greatest living author, by K. Shapiro.--Richard Wright's blues, by R. Ellison.--Ralph Ellison and the American comic tradition, by E. H. Rovit.--Saul Bellow, by L. A. Fiedler.--The Black boy looks at the White boy, by J. Baldwin.--Black boys and native sons, by I. Howe. | |
| 534 |
_aTítulo original : _tCriticism some major American writers. |
||
| 650 | 4 |
_aLiteratura américana _xHistoria y crítica _98833 |
|
| 700 | 1 |
_aLeary, Lewis _99796 |
|
| 700 | 1 |
_aMazía, Floreal _etr. _99797 |
|
| 830 | 0 |
_aDorada D ; _vno. 1200 _99798 |
|
| 910 | _aCatalogación original noche | ||
| 999 |
_c2944 _d2944 |
||